Tha Dogg Pound - Dogg Food tracklist - Statistics

General Stats
  • This quiz has been taken 8 times
  • The average score is 15 of 17
Answer Stats
# Answer % Correct
14. A Doggz Day Afternoon
100%
8. Big Pimpin 2
100%
2. Dogg Pound Gangstaz
100%
11. Do What I Feel
100%
12. If We All Fuc
100%
1. Intro
100%
9. Let's Play House
100%
4. New York, New York
100%
16. One by One
100%
3. Respect
100%
7. Ridin', Slipin', and Slidin'
100%
5. Smooth
100%
17. Sooo Much Style
100%
10. I Don't Like to Dream About Gettin Paid
67%
15. Reality
67%
6. Cyco-Lic-No (B*tch Azz N*ggaz)
33%
13. Some Bomb Azz P*ssy
33%
No matching quizzes found
Score Distribution
Percent of People with Each Score
Percentile by Number Answered
Your Score History
You have not taken this quiz